Регионална библиотека "Любен Каравелов" - Русе

Как зайчето Киско откри силата на думите и смеха (Запис номер 539522)

MARC детайли
000 -Лидер
Лидер 01007nam a2200277 a 4500
003 - Код на организацията, давaща контролен номер
Код на организацията, даваща контролен номер BLK
005 - Дата и час на последна редакция
Дата и час на последна редакция 20250729131350.0
007 - Фиксирано поле за физическо описани
Физическо описание ta
008 - Елементи от данни с фиксирана дължина
Елементи с фиксирана дължина 221104b bu |||||r|||| 00| | bu d
020 ## - Международен стандартен номер на книга ISBN
ISBN 9786192741228
040 ## - Източник на каталожния запис
Код на библиотеката BLK
041 ## - Код за език
Език Български
Език за КДБФ Български
080 ## - УДК
9 (RLIN) 227592
УДК текст Българска литература
УДК код 821.163.2
УДК – код + определител 821.163.2-93-34
084 ## - Класификационен индекс по друга класификация
Авторски знак Рик - Р 61
100 ## - Редна дума - Автор
R(LIN) 488126
Автор Риков, Димитър Христов
245 ## - Сведения за заглавието
Заглавие Как зайчето Киско откри силата на думите и смеха
Авторска отговорност Димитър Риков; ил. Кирил Танев
260 ## - Област на издателските данни
9 (RLIN) 209582
Място на издаване София
Име на издателя СофтПрес
Година на издаване 2024
300 ## - Физическа характеристика
Брой страници 32 с.
Илюстрации с цв. ил.
Размер 22х22 см
380 ## - Жанр
Жанр Детска худож. лит.
490 ## - СЕРИИ (Колекции)
9 (RLIN) 492673
Серия Горската детска градина
Номер в серията 8
700 ## - Други автори (авторска отговорност)
9 (RLIN) 416602
Друг автор Танев, Кирил Танов
856 ## - Електронен адрес и достъп
Инструкция (цена за достъп) 0.00
Права за достъп disable
942 ## - АРТИКУЛИ
Вид на библиотечния документ Книги
Скрит в OPAC Не
Koha issues (borrowed), all copies 37
944 ## - СЪЗДАВАНЕ И РЕДАКЦИЯ на ЗАПИСА
Дата на регистрацията/редакция Нора Радева
Служител, извършил регистрацията/редакцията 30551
Номер на служител Бояна Костадинова
Създаване/Редакция
999 ## - СИСТЕМНИ КОНТРОЛНИ НОМЕРА
Koha biblionumber 539522
Koha biblioitemnumber 539522
999 ## - СИСТЕМНИ КОНТРОЛНИ НОМЕРА
Koha biblioitemnumber 539477
Наличности
Код за отписване Код за изгубен артикул Източник на класификационната схема Код за повреда Код за отдаване Артикулен № Име на библиотеката - собственик Име на библиотеката, в която се намира в момента Статус (Текущо местоположение) Дата на вписване в системата Местоположение - отдел Цена в лева Инвентарен номер Систематично азбучна сигнатура Баркод Цена в евро Служебен тип на артикула
  Не е изгубен Universal Decimal Classification Не е повреден заемане за дома 975132 Регионална библиотека "Любен Каравелов" Русе Регионална библиотека "Любен Каравелов" Русе Детски отдел 2025-06-09 Детски отдел 6.99 120000920213 821.163.2-93/Р 61 Д 120000920213 3.57 Книги
  Не е изгубен Universal Decimal Classification Не е повреден заемане за дома 975133 Регионална библиотека "Любен Каравелов" Русе Регионална библиотека "Любен Каравелов" Русе Детски отдел 2025-06-09 Детски отдел 6.99 120000920212 821.163.2-93/Р 61 Д 120000920212 3.57 Книги
Vip Innovations Ltd, Rousse, Bulgaria 2025